| 000 | 00000nas 2200000za 4500 |
| 001 | 9.507833 |
| 003 | CaOODSP |
| 005 | 20221107133830 |
| 007 | cr ||||||||||| |
| 008 | 150406c20139999oncar p o||||f0 |0eng|d |
| 040 | |aCaOODSP|beng |
| 043 | |an-cn-sn |
| 086 | 1 |aSG3-10E-PDF |
| 245 | 00|aEnvironmental scan. |pSaskatchewan |h[electronic resource]. |
| 260 | |a[Ottawa] : |bService Canada, |c[2013]- |
| 310 | |aAnnual,|b2015- |
| 321 | |aBiannual,|b2013. |
| 362 | 1 |aBegan with March 2013. |
| 500 | |aIssued also in French under title: Analyse environnementale. Saskatchewan. |
| 500 | |aCover title. |
| 692 | 07|2gccst|aLabour market |
| 710 | 1 |aCanada. |bService Canada. |
| 775 | 08|tAnalyse environnementale. |w(CaOODSP)9.504213 |